000 00683nab a2200193 4500
001 244442
003 OSt
005 20250910114550.0
007 tu
008 200917s2020|||||||
040 _aDE-2950
_cDE-2950
245 0 0 _aNeue Seniorenresidenz später fertig als geplant
_bBaustelle, Die Pflegeeinrichtung in der Robert-Havemann-Straße wollt eigentlich bereits Ende 2024 übergeben sein. Die Eröffnung ist nun für 2026 vorgesehen/
_cThomas Meiler
264 _c2025
653 _aFrankfurt (Oder)
653 _aSeniorenresidenz
653 _aBauverzögerung
773 0 _g36. Jahrgang (2025) Nr. 204 vom 02.09.2025, S. 13 mit Foto
_tMärkische Oderzeitung
942 _2z
_cA
999 _c373992
_d373992